Marc Chagall (Record no. 3024)

MARC details
000 -CABECERA
campo de control de longitud fija 00803nam a2200241 a 4500
001 - NÚMERO DE CONTROL
campo de control BRCA_3288
005 - FECHA Y HORA DE LA ÚLTIMA TRANSACCIÓN
campo de control 20190320204215.0
008 - DATOS DE LONGITUD FIJA--INFORMACIÓN GENERAL
campo de control de longitud fija 170309s1998----mx-a---###---#000-0#spa-#
041 ## - CÓDIGO DE LENGUA
Código de lengua del texto/banda sonora o título independiente spa
044 ## - CÓDIGO DEL PAÍS DE LA ENTIDAD EDITORA/PRODUCTORA
Código MARC del país mx
050 #4 - SIGNATURA TOPOGRÁFICA DE LA BIBLIOTECA DEL CONGRESO
Número de clasificación ND553.C43
Número de documento/Ítem .C66 1998
100 1# - ENTRADA PRINCIPAL--NOMBRE DE PERSONA
Nombre de persona Contreras Martret, Nuri Karina
9 (RLIN) 8712
245 10 - MENCIÓN DE TÍTULO
Título Marc Chagall
Resto del título la conquista del pasado.
260 ## - PUBLICACIÓN, DISTRIBUCIÓN, ETC.
Lugar de publicación, distribución, etc. Ciudad de México
Fecha de publicación, distribución, etc. 1998
300 ## - DESCRIPCIÓN FÍSICA
Extensión 113 p.
Otras características físicas il. (algunas a color)
Dimensiones 23 cm.
502 ## - NOTA DE TESIS
Nota de tesis Tesis Licenciatura (Licenciada en Historia del Arte) Centro de Arte Mexicano
600 14 - PUNTO DE ACCESO ADICIONAL DE MATERIA--NOMBRE DE PERSONA
Nombre de persona Chagall, Marc
Fechas asociadas al nombre 1887-1985
Subdivisión general Influencia
9 (RLIN) 8713
600 14 - PUNTO DE ACCESO ADICIONAL DE MATERIA--NOMBRE DE PERSONA
Nombre de persona Chagall, Marc
Fechas asociadas al nombre 1887-1985
Subdivisión general Crítica e interpretación
9 (RLIN) 8714
650 14 - PUNTO DE ACCESO ADICIONAL DE MATERIA--TÉRMINO DE MATERIA
Término de materia o nombre geográfico como elemento de entrada Surrealismo
Subdivisión general En la pintura
9 (RLIN) 8715
650 14 - PUNTO DE ACCESO ADICIONAL DE MATERIA--TÉRMINO DE MATERIA
Término de materia o nombre geográfico como elemento de entrada Pintores rusos
Subdivisión cronológica Siglo XX
9 (RLIN) 8716
902 ## - CATALOGADOR
Iniciales TES
942 ## - ELEMENTOS DE PUNTO DE ACCESO ADICIONAL (KOHA)
Fuente del sistema de clasificación o colocación Library of Congress Classification
Tipo de ítem Koha Tesis
Holdings
Estado de retiro Estado de pérdida Estado dañado No para préstamo Localización permanente Ubicación/localización actual Fecha de adquisición Total de préstamos Signatura topográfica completa Código de barras Fecha visto por última vez Precio válido a partir de Tipo de ítem Koha
El ejemplar forma parte de la colección y puede ser consultado según las políticas vigentes.       Biblioteca del Museo Franz Mayer (Rogerio Casas-Alatriste) Biblioteca del Museo Franz Mayer (Rogerio Casas-Alatriste) 17/03/2009   ND553.C43 .C66 1998 TES00009 22/03/2019 22/03/2019 Tesis